Countries with lowest GDP - Statistics

General Stats
  • This quiz has been taken 16 times
  • The average score is 5 of 10
Answer Stats
GDP(USD Millions) Answer % Correct
167 Kiribati
93%
183 Marshall Islands
86%
293 Palau
79%
772 Vanuatu
64%
620 Comoros
57%
403 Tonga
57%
520 Dominica
36%
350 Sao Tome and Principe
14%
322 Federated states of Micronesia
0%
773 St Vincent and the Grenadines
0%
No matching quizzes found
Score Distribution
Percent of People with Each Score
Percentile by Number Answered
Your Score History
You have not taken this quiz